00786pam a2200193 a 4500020002700000040000800027082002600035100002500061245003700086260005800123300005600181520012400237650001200361650001300373700002000386942000700406999001700413952016200430 a053865208X (hardcover) cDLC00a570 SOU 1998 A061 Or.1 aLeonard, William H.,10aBiology :ba community context / aCincinnati :bSouth-Western Educational Pub.,cc1998. axv, 576 p. :bill. (some col.), col. maps ;c26 cm. aAn overview of the field of biology, including such topics as matter and energy, ecosystems, populations, and genetics. 0aBiology 1aBiology.1 aPenick, John E. cEK c14525d14525 0010406570_000000000000000_SOU_1998_A061_OR70966790aLBAbLBAcA061d2017-10-18l2o570 SOU 1998 A061 Or.pA21713r2022-08-08s2022-07-15w2017-10-18yEK